000 00910nam a2200301 a 4500
999 _c3493
_d3493
006 a||||gr|||| 001 0
007 ta
008 251111r20252019xx a|||gr|||| 0|1 ||eng|d
020 _a9789353066475
_cRs. 1060.00
040 _aKO
_beng
041 0 _aeng
044 _aii
082 0 4 _a658.5
_bK857
_223
100 1 _akrajewski, Lee J.
245 1 0 _aOperations management :
_bprocesses and supply chains /
_cLee J. krajewski....[et al.]
250 _a12th ed.
260 _aNoida :
_bPearson India Education Services Pvt. Ltd.,
_c2019, reprinted 2025
300 _axxv, 734 p. :
_bill. ;
_c25 cm.
500 _aIncludes index.
504 _aIncludes bibliographical references.
650 0 _aOperations management
_vTextbooks
700 1 _aMalhotra, Manoj K.
_eaut
700 1 _aRitzman, Larry P.
_eaut
700 1 _aSrivastava, Samir K.
_eaut
904 _aA_BOSE
942 _cBK
_2ddc